Significado y función del juego en el niño
Kaydedildi:
| Asıl Yazarlar: | , |
|---|---|
| Materyal Türü: | Kitap |
| Dil: | İspanyolca |
| Baskı/Yayın Bilgisi: |
Buenos Aires
Proteo
1969
|
| Seri Bilgileri: | Biblioteca Persona y Sociedad, 16
|
| Konular: | |
| Etiketler: |
Etiketle
Etiket eklenmemiş, İlk siz ekleyin!
|
MARC
| LEADER | 00000nam a2200000 a 4500 | ||
|---|---|---|---|
| 001 | UCU0649 | ||
| 003 | CL-VaPUC | ||
| 008 | 960322e19690000AG |||||||||||||||||spa|d | ||
| 082 | 0 | 4 | |a 155.418 |b LEB |2 21 |
| 100 | |a Lebovici, Serge |e author |9 356000 | ||
| 700 | 0 | |a Diatkine, R |e author |9 356001 | |
| 245 | 1 | 0 | |a Significado y función del juego en el niño |
| 300 | |a 73 p | ||
| 942 | |c BK | ||
| 945 | |d 19960322 00:00:00 |a paguirre | ||
| 260 | |a Buenos Aires |b Proteo |c 1969 | ||
| 650 | 0 | |a Psicología del niño |9 307305 | |
| 650 | 0 | |a Niños |9 255605 | |
| 650 | 7 | |a JUEGO METODO DE ENSEÑANZA |2 CL-VaPUC |9 338389 | |
| 650 | 0 | |a Juegos educativos |9 307366 | |
| 583 | |a last modification |c 19960322 00:00:00 |k Rodrigo Vera | ||
| 490 | 0 | |a Biblioteca Persona y Sociedad, 16 | |
| 999 | |c 245487 |d 245485 | ||
| 952 | |0 0 |1 0 |4 0 |6 155_418000000000000_LEB_1969 |7 0 |8 A |9 260005 |a BIBEDU |b BIBEDU |d 2019-11-19 |i 1637460 |l 3 |o 155.418 LEB 1969 |p 1637460 |r 2024-05-14 |s 2024-04-12 |w 2019-11-19 |y BK |k EDU | ||